000 00785namaa2200277 a 4500
001 vtls001304239
003 NLI
005 20210627043937.0
008 120418s dcu i000 0 eng
039 9 _y201204181932
_zVLOAD
040 0 _aNLI
_cVTLS-2012_FOD
_eAACR2
041 0 _aeng
044 _adcu
082 0 4 _a362.1
110 1 _aUnited States.
_bDepartment of Health, Education, and Welfare
_9703319
245 1 0 _aHealth services administration
260 _aWashington :
_bUnited States Government Printing Office,
_c[n.d.]
300 _aVarious pagings ;
_c30 cm.
500 _aCover title
650 0 _aMedical care
_9699952
650 0 _aPublic health
887 _a
901 _aAD 130485
_b23.10.2010
902 _aU.S 362.1 Un 3 h
942 _2ddc
_cBKS
999 _c596755
_d596755